Vybrané ukazovatele zo sociálneho zabezpečenia v Slovenskej republike v roku 2007

Saved in:
Bibliographic Details
Format: Book
Language:Slovak
English
Published: Bratislava Štatistický úrad Slovenskej republiky 2008
Series:Demografia a sociálna štatistika
Subjects:
Tags: Add Tag
No Tags, Be the first to tag this record!

MARC

LEADER 00000nam$a2200000$$$4500
001 0086391
005 20260130073551.6
041 0 |a slo 
041 0 |a eng 
044 |a SK 
245 1 0 |a Vybrané ukazovatele zo sociálneho zabezpečenia v Slovenskej republike v roku 2007 
264 1 |a Bratislava  |b Štatistický úrad Slovenskej republiky  |c 2008 
300 |a 33 s. 
490 1 |a Demografia a sociálna štatistika 
830 0 |a Demografia a sociálna štatistika 
610 2 0 |a Slovensko 
610 2 0 |a zabezpečenie sociálne 
610 2 0 |a dôchodky 
610 2 0 |a poistenie nemocenské 
610 2 0 |a dávky sociálne